书目信息 |
| 题名: |
建筑结构与施工图
|
|
| 作者: | 张大勇 , 田德武 , 龚新亚 主编 | |
| 分册: | ||
| 出版信息: | 天津 天津科学技术出版社 2015 |
|
| 页数: | 249页 | |
| 开本: | 29cm | |
| 丛书名: | ||
| 单 册: | ||
| 中图分类: | TU3 | |
| 科图分类: | ||
| 主题词: | 建筑结构--高等职业教育--教材 , 建筑制图--高等职业教育--教材 | |
| 电子资源: | ||
| ISBN: | 978-7-5308-9363-0 | |
| 000 | 00964nam0 2200265 45 | |
| 001 | 012001003599 | |
| 005 | 20131104165543.0 | |
| 010 | @a978-7-5308-9363-0@dCNY88.00 | |
| 100 | @a20150712d2015 em y0chiy50 ea | |
| 101 | 0 | @achi |
| 102 | @aCN@b120000 | |
| 105 | @aa z 000yy | |
| 106 | @ar | |
| 200 | 1 | @a建筑结构与施工图@Ajian zhu jie gou yu shi gong tu@f张大勇,田德武,龚新亚主编 |
| 210 | @a天津@c天津科学技术出版社@d2015 | |
| 215 | @a249页@d29cm | |
| 330 | @a本书共分11个项目,内容包括:钢筋混凝土的力学性能、建筑结构设计计算原则、受弯构件、受压构件、钢筋混凝土梁板结构、现浇钢筋混凝土楼梯、多层及高层钢筋混凝土房屋等。 | |
| 606 | 0 | @a建筑结构@x高等职业教育@j教材 |
| 606 | 0 | @a建筑制图@x高等职业教育@j教材 |
| 690 | @aTU3@v5 | |
| 701 | 0 | @a张大勇@Azhang da yong@4主编 |
| 701 | 0 | @a田德武@Atian de wu@c(女,@f1970-)@4主编 |
| 701 | 0 | @a龚新亚@Agong xin ya@c(建筑工程)@4主编 |
| 801 | 0 | @aCN@b上海新华@c20191020 |
| 905 | @b1205950-2@dTU3@e1609@f3 | |
| 建筑结构与施工图/张大勇,田德武,龚新亚主编.-天津:天津科学技术出版社,2015 |
| 249页;29cm |
| ISBN 978-7-5308-9363-0:CNY88.00 |
| 本书共分11个项目,内容包括:钢筋混凝土的力学性能、建筑结构设计计算原则、受弯构件、受压构件、钢筋混凝土梁板结构、现浇钢筋混凝土楼梯、多层及高层钢筋混凝土房屋等。 |
| ● |
| 相关链接 |
|
|
|
|
正题名:建筑结构与施工图
索取号:TU3/1609
 
预约/预借
| 序号 | 登录号 | 条形码 | 馆藏地/架位号 | 状态 | 备注 |
| 1 | 1205950 | 212059500 | 第二样本阅览室/ [索取号:TU3/1609] | 在馆 | |
| 2 | 1205951 | 212059519 | 第三借阅区/ [索取号:TU3/1609] | 在馆 | |
| 3 | 1205952 | 212059528 | 第三借阅区/ [索取号:TU3/1609] | 在馆 |